| 000 | 00000nam##2200000za#4500 |
| 001 | 9.577901 |
| 003 | CaOODSP |
| 005 | 20210624185831 |
| 007 | cr ||||||||||| |
| 008 | 150406|1983||||xxc|||||o f|0| 0 eng|d |
| 022 | |a1488-5387 |
| 040 | |aCaOODSP|beng |
| 043 | |an-cn--- |
| 086 | 1 |aFs97-4/1724E-PDF |
| 110 | 1 |aCanada. |bDepartment of Fisheries and Oceans. |
| 245 | 10|aZooplankton distribution across the shelf break on the southeast shoal of Newfoundland Grand Banks in May 1981 / |h[electronic resource]|cby Grant A. Gardner and E. Todd Howell. |
| 260 | |aSt. John's - Newfoundland and Labrador : |bFisheries and Oceans Canada |cSeptember 1983. |
| 300 | |a68p.|bgraph, map, references, tables |
| 490 | 1 |aCanadian manuscript report of fisheries and aquatic sciences|x1488-5387|vNo. 1724 |
| 500 | |a"This is the seventh manuscript report from Fisheries Research Branch, St. John's, Newfoundland."--p.3 of 68. The catalogue number (Fs97-4/1724) and ISSN (0706-6473) for the print edition have been incorrectly copied in this electronic publication. |
| 546 | |a(Résumés en français) |
| 590 | |a13-27-Supp|b2013-11-15 |
| 690 | 07|aMarine biology|2gcpds |
| 690 | 07|aAquatic wildlife|2gcpds |
| 690 | 07|aCoastal waters|2gcpds |
| 720 | 1 |aGardner, Grant A. |
| 720 | 1 |aHowell, E. Todd |
| 830 | #0|aCanadian manuscript report of fisheries and aquatic sciences,|x1488-5387|vNo. 1724|w(CaOODSP)9.505211 |
| 856 | 40|ahttp://publications.gc.ca|qPDF|s1.04 MB|uhttps://publications.gc.ca/collections/collection_2013/mpo-dfo/Fs97-4-1724-eng.pdf|yNo. 1724 |